Verdens religioner med største underretninger etter antall - Statistics

General Stats
  • This quiz has been taken 149 times
    120 since last reset
  • The average score is 10 of 22
Answer Stats
Hint Answer % Correct
2,4 milliarder Kristendom
98%
1,2 milliarder Hinduisme
96%
1,9 milliarder Islam
96%
14 millioner Jødedom
86%
Ca. 500 millioner Buddhisme
76%
1,3 milliarder Katolisisme
63%
200 millioner Ortodoks kristendom
49%
25 millioner Sikhisme
49%
1 milliard Protestantisme
47%
200 millioner Shia
47%
1,6 milliarder Sunni
47%
5 millioner Baha'i-troen
33%
12 millioner eller ukjent Taoisme/Daoisme
33%
Ukjent antall millioner Shinto
25%
Ca. 500 millioner Kinesisk folkereligion
24%
Over 100 millioner Naturreligioner/stammereligioner
22%
6 millioner Jainisme
20%
200.000 Zoroastrisme
20%
1 million Drusere
12%
6 millioner eller ukjent Konfusianisme
8%
15 millioner Ahmadiyya
4%
75 millioner Orientalsk-ortodoks kristendom
4%
No matching quizzes found
Score Distribution
Percent of People with Each Score
Percentile by Number Answered
Your Score History
You have not taken this quiz since the last reset